School factors related to quality and equity results from PISA 2000

Gespeichert in:
Bibliographische Detailangaben
Körperschaft: Programme for International Student Assessment (OECD)
Format: Buch
Sprache:Englisch
Veröffentlicht: Paris OECD 2005
Schlagworte:
Tags: Tag hinzufügen
Keine Tags, Fügen Sie das erste Tag hinzu!

MARC

LEADER 00000nam$a2200000$$$4500
001 0031450
005 20221129082944.3
020 |a 92-64-00818-7 
041 0 |a eng 
044 |a FR 
245 1 0 |a School factors related to quality and equity  |b results from PISA 2000 
264 1 |a Paris  |b OECD  |c 2005 
300 |a 157 s. 
610 2 0 |a vzdelanie 
610 2 0 |a vzdelávanie 
610 2 0 |a študenti 
610 2 0 |a školy 
610 2 0 |a školstvo 
610 2 0 |a sústava výchovno-vzdelávacia 
610 2 0 |a porovnanie medzinárodné 
610 2 0 |a PISA 2000 
610 2 0 |a OECD 
710 2 |a Programme for International Student Assessment (OECD)